Movies Quiz

Random Movies or Clickable Quiz

Click the '80s Movies Quiz Stats

 Plays Quiz Updated Apr 2, 2015

Challenge
Share
Tweet
Embed
Score 0/30 Timer 04:00
5 Plays Today
% Correct
Raiders of the Lost Ark
87.2%
A Nightmare on Elm Street
85.3%
The Terminator
84.3%
Big
82.6%
A Fish Called Wanda
82.2%
Die Hard
82.2%
When Harry Met Sally
81.9%
Moonstruck
80.8%
Blade Runner
78.6%
Chariots of Fire
77.8%
Bull Durham
76.8%
The Blues Brothers
76.1%
This Is Spinal Tap
75.1%
Gandhi
74.4%
The Big Chill
73.5%
% Correct
Driving Miss Daisy
73.3%
Witness
71.5%
Ordinary People
71%
Arthur
70.9%
Dangerous Liaisons
70.3%
The Elephant Man
70.3%
Raging Bull
70.1%
sex, lies and videotape
68%
The Road Warrior
67%
Broadcast News
66.3%
Do the Right Thing
65.2%
My Left Foot
63.6%
The Little Mermaid
63.1%
Glory
61.6%
Places in the Heart
60.4%

You're not logged in!

Compare scores with friends on all Sporcle quizzes.
OR
Log In

You Might Also Like...

Show Comments

Extras

Top Quizzes Today


Score Distribution

Your Account Isn't Verified!

In order to create a playlist on Sporcle, you need to verify the email address you used during registration. Go to your Sporcle Settings to finish the process.

Report this User

Report this user for behavior that violates our Community Guidelines.

Details: